The Holy Qur-an : (Record no. 3558)
[ view plain ]
| 000 -LEADER | |
|---|---|
| fixed length control field | 00558nam a2200193 4500 |
| 003 - CONTROL NUMBER IDENTIFIER | |
| control field | LK-CoMWRAF |
| 005 - DATE AND TIME OF LATEST TRANSACTION | |
| control field | 20231004121206.0 |
| 008 - FIXED-LENGTH DATA ELEMENTS--GENERAL INFORMATION | |
| fixed length control field | 230912b1990 |||||||| |||| 00| 0 eng d |
| 040 ## - CATALOGING SOURCE | |
| Original cataloging agency | LK-CoMWRAF |
| Modifying agency | LK-CoMWRAF |
| Description conventions | LK-CoMWRAF |
| 041 ## - LANGUAGE CODE | |
| Language code of text/sound track or separate title | English |
| 082 ## - DEWEY DECIMAL CLASSIFICATION NUMBER | |
| Classification number | 297.122 |
| Item number | ALI |
| 942 ## - ADDED ENTRY ELEMENTS (KOHA) | |
| Koha item type | Books |
| 100 ## - MAIN ENTRY--PERSONAL NAME | |
| Personal name | Al-Madinah, Mushaf et al. |
| 700 ## - ADDED ENTRY--PERSONAL NAME | |
| Personal name | Eliyasee M. A. H. |
| Relator Term | translator |
| 700 ## - ADDED ENTRY--PERSONAL NAME | |
| Personal name | Al-Madinah, Mushaf |
| Relator Term | translator |
| 245 ## - TITLE STATEMENT | |
| Title | The Holy Qur-an : |
| Remainder of title | English translation of the meanings and commentary |
| 260 ## - PUBLICATION, DISTRIBUTION, ETC. (IMPRINT) | |
| Date of publication, distribution, etc. | 1990 |
| 650 ## - SUBJECT ADDED ENTRY--TOPICAL TERM | |
| Topical term or geographic name as entry element | Quran-English Translation |
| Withdrawn status | Lost status | Damaged status | Not for loan | Permanent Location | Current Location | Date acquired | Full call number | Barcode | Koha item type |
|---|---|---|---|---|---|---|---|---|---|
| Resource center, Muslim Women's Research And Action Forum | Resource center, Muslim Women's Research And Action Forum | 2023-09-12 | 297.122 ALM | RAF1062 | Books |

